000 00777nam a2200241 a 4500
001 000015249
005 20240530073917.0
008 100203s2003 dr 000 0 spa d
020 _z993455504
040 _aDO-SdBNP
_bspa
_cBNPHU
082 _aRD863.44
_bS211c
100 1 _aSánchez Roa, Adriano,
_d1956 -
_98541
245 1 0 _aContigo voy a la gloria /
_cAdriano Sánchez Roa.
260 _aSanto Domingo :
_bExpresión,
_c2003.
300 _a314 p. ;
_c21 cm.
490 1 _aCaribe
_v4
500 _aIncluye datos biográficos del autor en la solapa de la contracubierta
590 _aInventriado, 2020 / DG
650 0 _aNovela dominicana
_9223
650 0 _aLiteratura dominicana.
_967
830 0 _aCaribe
_v4
_934507
910 _aValidado. Control de calidad MMOLINA
999 _c14817
_d14817